000 00803nam a2200217Ia 4500
003 GCL
008 140319s9999 xx 000 0 ara d
040 _aGCL /
_cGCL
082 0 4 _aط
_b915.3103
_bم ر
100 1 _aمحمد حمزة السعداوى
245 1 0 _aرحلات عصفور وعصفورية: فى مهبط الوحى وأرض الرسالة الجبلان والبئر /
_cمحمد حمزة السعداوى
260 _a[S.N] :
_bدار الكتاب المصرى ،
_c1989
300 _a15 ص
490 _aالرحلات التاريخية والاسلامية
_v0
650 0 4 _aالاطفال
650 0 4 _aالقصص التاريخية
650 0 4 _aقصص الاطفال
650 0 4 _aالاماكن المقدسة
650 0 4 _aالقصص الدينية
942 _2ddc
_cBK
999 _c57637
_d57637